Top 10 Countries in Africa with the highest number of Hindus - Statistics

General Stats
  • This quiz has been taken 319 times
  • The average score is 7 of 10
Answer Stats
Hint Answer % Correct
959,000 South Africa
96%
369,137 Kenya
87%
354,458 Tanzania
83%
60,525 – 242,101 Uganda
75%
600,423 – 625,441 Mauritius
71%
123,111 Zimbabwe
66%
19,449 Madagascar
65%
16,068 Zambia
60%
118,353 Dem. Rep. of the Congo
57%
18,013 Cote d'Ivoire
16%
No matching quizzes found
Score Distribution
Percent of People with Each Score
Percentile by Number Answered
Your Score History
You have not taken this quiz